Tilastot visalle Kirjaimella P alkavien valtioiden muodot

Klikkaa tästä pelataksesi tätä visaa!

Yleistilastot

  • Tätä visaa on pelattu 402 kertaa
  • Keskiarvotulos 8 / 11

Vastaustilastot

Vastaus% Oikein
Portugali
87%
Pakistan
84%
Papua-Uusi-Guinea
84%
Peru
83%
Puola
83%
Panama
80%
Palau
69%
Pohjois-Korea
66%
Paraguay
65%
Pohjois-Makedonia
53%
Päiväntasaajan Guinea
42%

Tulosjakauma

Persentiili vastausten määrän mukaan

Jokaisen tuloksen saaneiden osuus

Tuloshistoriasi

Et ole pelannut tätä visaa